Zdravotné poistenie na Slovensku a v EÚ
Hlavné kategórie modelov zdravotného poistenia: verejné zdravotné poistenie a súkromné zdravotné poistenie. Prehľad systémov zdravotného poistenia v Európe. Systém zdravotného poistenia na Slovensku. Systém zdravotného poistenia v krajinách EÚ.
Guardado en:
| Autor principal: | |
|---|---|
| Formato: | Capítulo de libro |
| Lenguaje: | eslovaco |
| Materias: | |
| Etiquetas: |
Sin Etiquetas, Sea el primero en etiquetar este registro!
|
MARC
| LEADER | 00000naa$a2200000$$$4500 | ||
|---|---|---|---|
| 001 | 0082094 | ||
| 005 | 20240502071924.7 | ||
| 041 | 0 | |a slo | |
| 044 | |a SK | ||
| 245 | 1 | 0 | |a Zdravotné poistenie na Slovensku a v EÚ |c Mária Drábeková |
| 520 | |a Hlavné kategórie modelov zdravotného poistenia: verejné zdravotné poistenie a súkromné zdravotné poistenie. Prehľad systémov zdravotného poistenia v Európe. Systém zdravotného poistenia na Slovensku. Systém zdravotného poistenia v krajinách EÚ. | ||
| 610 | 2 | 0 | |a poistenie zdravotné |
| 610 | 2 | 0 | |a poisťovne zdravotné |
| 610 | 2 | 0 | |a klienti |
| 610 | 2 | 0 | |a poistenie doplnkové |
| 610 | 2 | 0 | |a starostlivosť zdravotná |
| 610 | 2 | 0 | |a financovanie |
| 610 | 2 | 0 | |a reformy |
| 610 | 2 | 0 | |a Slovensko |
| 610 | 2 | 0 | |a Európa |
| 610 | 2 | 0 | |a Európska únia |
| 100 | 1 | |a Drábeková, Mária | |